Religions in Kurdistan - Statistics

General Stats
  • This quiz has been taken 122 times
  • The average score is 4 of 7
Answer Stats
Picture Answer % Correct
Islam
100%
Christianity
83%
Judaism
80%
Yazidism
47%
Zoroastrianism
47%
Alevism
18%
Yarsanism
15%
No matching quizzes found
Score Distribution
Percent of People with Each Score
Percentile by Number Answered
Your Score History
You have not taken this quiz